| 000 | 00458nam a2200169Ia 4500 | ||
|---|---|---|---|
| 999 |
_c22836 _d22836 |
||
| 003 | OSt | ||
| 005 | 20200214160636.0 | ||
| 008 | 190216s9999||||xx |||||||||||||| ||und|| | ||
| 040 | _coclc | ||
| 082 |
_a297 _bMUE/O |
||
| 100 |
_aMueenuddeen _91944 |
||
| 245 | 0 |
_aOru Mattathinte Katha / _cMueenuddeen |
|
| 260 |
_bRinaysans Books, _aKannur: |
||
| 300 | _a258p | ||
| 650 | _aIslamic History | ||
| 942 |
_cBK _2ddc _h297 _iMUE/O _k297 _mMUE/O |
||